दणका. (Record no. 266598)

MARC details
000 -LEADER
fixed length control field 00545nam a2200181Ia 4500
008 - FIXED-LENGTH DATA ELEMENTS--GENERAL INFORMATION
fixed length control field 090630s9999 xx 000 0 und d
082 ## - DEWEY DECIMAL CLASSIFICATION NUMBER
Item number 14742
100 ## - MAIN ENTRY--PERSONAL NAME
Personal name बांदोडकर व. पु.
245 ## - TITLE STATEMENT
Title दणका.
Statement of responsibility, etc बांदोडकर व. पु.
260 ## - PUBLICATION, DISTRIBUTION, ETC. (IMPRINT)
Name of publisher, distributor, etc प्रिया.
Date of publication, distribution, etc 1990
300 ## - PHYSICAL DESCRIPTION
Extent 183
600 ## - SUBJECT ADDED ENTRY--PERSONAL NAME
Personal name बांदोडकर व. पु.
630 ## - SUBJECT ADDED ENTRY--UNIFORM TITLE
Uniform title दणका.
655 ## - INDEX TERM--GENRE/FORM
Genre/form data or focus term कादंबरी.
700 ## - ADDED ENTRY--PERSONAL NAME
Personal name बांदोडकर व. पु.
730 ## - ADDED ENTRY--UNIFORM TITLE
Uniform title दणका.
942 ## - ADDED ENTRY ELEMENTS (KOHA)
Koha item type Book
Holdings
Withdrawn status Lost status Damaged status Not for loan Home library Current library Date acquired Cost, normal purchase price Total Checkouts Full call number Barcode Date last seen Cost, replacement price Price effective from Koha item type
        Sarvajanik Wachanalaya Shrivardhan Sarvajanik Wachanalaya Shrivardhan   75.00   14742 SAWASHRI-14742 06/30/2009 75.00 06/30/2009 Book